[Event "New York Spring IM-D"]
[Site "New York"]
[Date "2022.04.15"]
[Round "2"]
[White "Paragua, Mark"]
[Black "Dans, Dwight"]
[Result "1-0"]
[WhiteElo "2460"]
[BlackElo "1992"]
[PlyCount "45"]
[EventDate "2022.04.14"]
[EventType "tourn"]
[EventRounds "9"]
[EventCountry "USA"]
[SourceTitle "CBM 207 Extra"]
[Source "ChessBase"]
[SourceDate "2022.05.31"]
[SourceVersion "1"]
[SourceVersionDate "2022.05.31"]
[SourceQuality "1"]

1. Nf3 d5 2. g3 Nf6 3. Bg2 e6 4. 0-0 Be7 5. d3 0-0 6. Nbd2 b6 7. e4 Bb7 8. e5 Nfd7 9. Re1 c5 10. Nf1 Nc6 11. h4 Qc7 12. Bf4 d4 13. a3 b5 14. N1h2 Nb6 15. Ng5 h6 16. Nh3 Rfd8 17. Ng4 Kf8 18. Nf6 gxf6 19. exf6 Bd6 20. Qh5 e5 21. Ng5 Rd7 22. Bxe5 Nxe5 23. Rxe5 1-0

[Event "Far East Bank op"]
[Site "Manila"]
[Date "1990.05.29"]
[Round "2"]
[White "Dans, Dwight"]
[Black "Knaak, Rainer"]
[Result "0-1"]
[WhiteElo "2106"]
[BlackElo "2500"]
[PlyCount "68"]
[EventDate "1990.05.28"]
[EventType "swiss"]
[EventRounds "11"]
[EventCountry "PHI"]
[SourceTitle "EXT 2015"]
[Source "ChessBase"]
[SourceDate "2014.11.20"]
[SourceVersion "1"]
[SourceVersionDate "2014.11.20"]
[SourceQuality "1"]

1. d4 e6 2. c4 Bb4+ 3. Nc3 f5 4. e3 Nf6 5. Bd3 Bxc3+ 6. bxc3 0-0 7. Ne2 d6 8. f3 e5 9. Qc2 g6 10. c5 e4 11. fxe4 fxe4 12. Bxe4 Nxe4 13. Qxe4 d5 14. Qe5 b6 15. Nf4 Rf5 16. Nxg6 Rxe5 17. Nxe5 Ba6 18. cxb6 axb6 19. Nf3 Qe8 20. Kf2 Nd7 21. Re1 Nf6 22. Kg1 Ne4 23. a4 Qc6 24. Ba3 Qxa4 25. Be7 Qe8 26. Bh4 Nxc3 27. Kh1 b5 28. Ne5 b4 29. e4 Qh5 30. Be7 b3 31. Re3 b2 32. Rae1 Nxe4 33. Rb3 Qe2 34. Bh4 Qc2 0-1